Análisis del sistema de vapor del Plantel el Alto
Gorde:
| Egile nagusia: | |
|---|---|
| Formatua: | Liburua |
| Hizkuntza: | Spanish |
| Argitaratua: |
San José, Costa Rica
2018
|
| Gaiak: | |
| Etiketak: |
Etiketa erantsi
Etiketarik gabe, Izan zaitez lehena erregistro honi etiketa jartzen!
|
MARC
| LEADER | 00000nam a22000007a 4500 | ||
|---|---|---|---|
| 003 | 012890 | ||
| 005 | 20221231144322.0 | ||
| 008 | 180622b2018 cr a|||| m||| 00| ||spa d | ||
| 040 | |c cru CEDI | ||
| 090 | |a TFG 8041 | ||
| 100 | |9 12430 |a Brenes Jiménez, Yoselyn | ||
| 245 | |a Análisis del sistema de vapor del Plantel el Alto | ||
| 260 | |a San José, Costa Rica |c 2018 | ||
| 300 | |a xxviii,207[6] hojas algunas pegables: ilustraciones a color | ||
| 500 | |a Proyecto de graduación(licenciatura en ingeniería química)--Universidad de Costa Rica. Facultad de Ingeniería. Escuela de Ingeniería Química | ||
| 650 | |x REFINADORA COSTARRICENSE DE PETROLEO - INVESTIGACIONES |x VAPOR |x CALDERAS |x CALDERAS DE VAPOR |x SISTEMAS DE TUBERIAS DE VAPOR |x REFINADORA COSTARRICENSE DE PETROLEO.. PLANTEL EL ALTO OCHOMOGO |x CONSERVACION DE LA ENERGIA |x AUDITORIA ENERGETICA |9 12431 | ||
| 942 | |c TFG | ||
| 999 | |c 20096 |d 20096 | ||
